000 00302nam a2200121Ia 4500
008 220901s9999||||xx |||||||||||||| ||und||
082 _a512 BAL
100 _aBalaram, P.
245 0 _aCurrent science
250 _aVol.77 Issue 7, 8 & 9
260 _bIndian Academy Science
_c1999
650 _aPhysics
999 _c193942
_d193942